Logical Elimination Click Quiz: Countries #1 - Statistics

General Stats
  • This quiz has been taken 64,974 times
  • The average score is 8 of 15
Answer Stats
Hint Explanation Answer % Correct
I am the most populated India India
88%
I am the smallest by area here Qatar Qatar
78%
I border the Mediterranean Sea Egypt, Greece Greece
73%
My flag is Bolivia Bolivia
69%
I am an Asian country India, Indonesia, Japan, Qatar Indonesia
67%
I have Arabic as an official language Qatar, Egypt Egypt
64%
I am landlocked Bolivia, Switzerland Switzerland
63%
My name is 5 letters long India, Japan, Qatar, Egypt Japan
62%
The equator crosses my land territory
Indonesia, Brazil Brazil
57%
My flag is red and white only Canada, Indonesia, Japan, Qatar, Switzerland Canada
55%
I start with a vowel Egypt, India, Indonesia, Ireland Ireland
54%
I am entirely located on islands Cuba, Indonesia, Ireland, Japan, New Zealand Cuba
32%
My capital starts with a vowel Canada, Greece, Nigeria Nigeria
31%
I am the remaining country Tanzania Tanzania
30%
I am a monarchy Canada, Japan, Qatar, New Zealand New Zealand
24%
No matching quizzes found
Score Distribution
Percent of People with Each Score
Percentile by Number Answered
Your Score History
You have not taken this quiz